000 00393nam a22001697a 4500
005 20160615103923.0
008 160615b xxu||||| |||| 00| 0 eng d
020 _a81-203-2223-1
041 _aeng
082 _b7687
100 _aDaviels, John D & others
_91958
245 _aGlobalization and Business
260 _bPHI
_c2004
300 _a359
650 _aManagement
_9241
942 _cBK
999 _c2745
_d2744